Fundamentals of Information Systems : (Record no. 8657)
[ view plain ]
| 000 -LEADER | |
|---|---|
| fixed length control field | 01973cac a22003011u 4500 |
| 090 ## - LOCALLY ASSIGNED LC-TYPE CALL NUMBER (OCLC); LOCAL CALL NUMBER (OCLC) | |
| -- | 8657 |
| 008 - FIXED-LENGTH DATA ELEMENTS--GENERAL INFORMATION | |
| fixed length control field | 090106t2008xxu||||| |||| 00| 0 eng d |
| 010 ## - LIBRARY OF CONGRESS CONTROL NUMBER | |
| LC control number | 2007281118 |
| 020 ## - INTERNATIONAL STANDARD BOOK NUMBER | |
| International Standard Book Number | 9781423901174 |
| 020 ## - INTERNATIONAL STANDARD BOOK NUMBER | |
| International Standard Book Number | 1423901177 |
| 082 ## - DEWEY DECIMAL CLASSIFICATION NUMBER | |
| Classification number | 658.0546 |
| Item number | STA |
| Edition number | 22 |
| 100 ## - MAIN ENTRY--PERSONAL NAME | |
| Personal name | Stair, Ralph M. |
| 245 10 - TITLE STATEMENT | |
| Title | Fundamentals of Information Systems : |
| Remainder of title | A Managerial Approach / |
| Statement of responsibility, etc | Ralph M. Stair, George W. Reynolds. |
| 250 ## - EDITION STATEMENT | |
| Edition statement | 4th ed. |
| Remainder of edition statement | International student Edition |
| 260 ## - PUBLICATION, DISTRIBUTION, ETC. (IMPRINT) | |
| Place of publication, distribution, etc | Boston : |
| Name of publisher, distributor, etc | Thomson Course Technology, |
| Date of publication, distribution, etc | c2008. |
| 300 ## - PHYSICAL DESCRIPTION | |
| Extent | xxix, 451 p. : |
| Other physical details | col. ill. ; |
| Dimensions | 28 cm. + |
| Accompanying material | 1 CD-ROM (4 3/4 in.) |
| 504 ## - BIBLIOGRAPHY, ETC. NOTE | |
| Bibliography, etc | Includes bibliographical references and index. |
| 650 #0 - SUBJECT ADDED ENTRY--TOPICAL TERM | |
| Topical term or geographic name as entry element | Management information systems. |
| 700 1# - ADDED ENTRY--PERSONAL NAME | |
| Personal name | Reynolds, George Walter, |
| Dates associated with a name | 1944- |
| 942 ## - ADDED ENTRY ELEMENTS (KOHA) | |
| Item type | Book - Borrowing |
| Call number prefix | 658.0546STA |
| Source of classification or shelving scheme | Dewey Decimal Classification |
| Withdrawn status | Item status | Source of classification or shelving scheme | Damaged status | Not for loan | Vendor | Home library | Current library | Shelving location | Date acquired | Cost, normal purchase price | Total Checkouts | Total Renewals | Full call number | Barcode | Date last seen | Date last borrowed | Cost, replacement price | Koha item type | Source of acquisition | Serial Enumeration / chronology |
|---|---|---|---|---|---|---|---|---|---|---|---|---|---|---|---|---|---|---|---|---|
| Lost and Paid For | Dewey Decimal Classification | Baccah | Central Library | Central Library | First floor | 08/03/2017 | 550.00 | 3 | 49 | 658.0546 STA | 000010579 | 03/10/2013 | 03/10/2013 | 550.00 | Book - Borrowing | |||||
| Dewey Decimal Classification | Baccah | Central Library | Central Library | First floor | 17/03/2008 | 658.0546 STA | 000010631 | 15/07/2025 | NB - Book (Non borrowing) | |||||||||||
| Dewey Decimal Classification | Baccah | Central Library | Central Library | First floor | 03/02/2009 | 658.0546 STA | 000010632 | 24/08/2022 | CD | DVD - With book | |||||||||||
| Dewey Decimal Classification | Baccah | Central Library | Central Library | First floor | 03/02/2009 | 658.0546 STA | 000010580 | 24/08/2022 | CD | DVD - With book (NB) | |||||||||||
| Dewey Decimal Classification | Alahram | Central Library | Central Library | First floor | 03/02/2009 | 247.40 | 2 | 1 | 658.0546 STA | 000014555 | 15/07/2025 | 30/03/2015 | Book - Borrowing | 6486 | ||||||
| Dewey Decimal Classification | Alahram | Central Library | Central Library | First floor | 03/02/2009 | 658.0546 STA | 000014556 | 24/08/2022 | CD | DVD - With book | |||||||||||
| Dewey Decimal Classification | Alahram | Central Library | Central Library | First floor | 04/02/2009 | 247.40 | 1 | 658.0546 STA | 000014683 | 15/07/2025 | 31/03/2015 | Book - Borrowing | 6465 |